| 000 | 01145cam a22003014a 4500 | ||
|---|---|---|---|
| 001 | 13798508 | ||
| 003 | OSt | ||
| 005 | 20150408114019.0 | ||
| 008 | 041124s2005 ctua b 001 0 eng | ||
| 010 | _a 2004028037 | ||
| 020 | _a9780275981884 | ||
| 040 |
_aDLC _cDLC _dDLC |
||
| 042 | _apcc | ||
| 050 | 0 | 0 |
_aRA645.C3 _bF54 2005 |
| 082 | 0 | 0 |
_a616.9944 _222 |
| 100 | 1 |
_aFinkel, Madelon Lubin, _d1949- _911074 |
|
| 245 | 1 | 0 |
_aUnderstanding the mammography controversy : _bscience, politics, and breast cancer screening / _cMadelon L. Finkel. |
| 260 |
_aWestport, Conn. : _bPraeger, _c2005. |
||
| 300 |
_aviii, 199 p. : _bill. ; _c25 cm. |
||
| 504 | _aIncludes bibliographical references (p. [179]-194) and index. | ||
| 650 | 0 |
_aBreast _xCancer _xDiagnosis _xEvaluation. _911075 |
|
| 650 | 0 |
_aMedical screening _xEvaluation. _911076 |
|
| 650 | 0 |
_aBreast _xCancer _xRisk factors. _911077 |
|
| 650 | 0 |
_aBreast _xRadiography. _911078 |
|
| 856 | 4 | 1 |
_3Table of contents _uhttp://www.loc.gov/catdir/toc/ecip054/2004028037.html |
| 942 |
_2ddc _cBOOK |
||
| 999 |
_c21907 _d256407 |
||